000 00819nam a2200169Ia 4500
008 090711s9999 xx 000 0 und d
082 _b1807
100 _aलिमये क्षमा
245 _a"जगातील मनोरंजक कथा : मंतरलेला घोडा, बुटातील बोका"
260 _bकौस्तुभ प्रकाशन
_c1997
300 _a38+34
600 _aलिमये क्षमा
630 _a"जगातील मनोरंजक कथा : मंतरलेला घोडा, बुटातील बोका"
700 _aलिमये क्षमा
730 _a"जगातील मनोरंजक कथा : मंतरलेला घोडा, बुटातील बोका"
942 _cBOOK
999 _c325500
_d325500